000 00339nam a22001337a 4500
008 180110b xxu||||| |||| 00| 0 eng d
020 _a9780205308514
041 _aeng
080 _a37
100 _a46
101 _aEDU
245 _aWINNING WAY OF COACHING WRITING A PRACTICAL GUIDE FOR TEACHING WRITING
_cWARNER,M,L
942 _2udc
_cBK
999 _c40025
_d40025